| 000 | 00433cam a2200181 4500 | ||
|---|---|---|---|
| 001 | D12780 | ||
| 008 | 090401t1935 xxu||||| |||| 00| 0 eng d | ||
| 035 | _a(Sirsi) u5708 | ||
| 041 | _aeng | ||
| 100 | _aFreeman, W.M. | ||
| 245 | _aCompensation for public acquisition of land | ||
| 250 | _a2nd | ||
| 260 |
_bSolicitor`s Law Stationary Society _c1935 |
||
| 350 | _a0 | ||
| 520 | _aShelf 181 | ||
| 942 | _n0 | ||
| 948 | _c04/03/1997 | ||
| 999 |
_c86201 _d86201 |
||